|
|
|
|
| LEADER |
00853nam a22002297a 4500 |
| 001 |
BD-DhAAL |
| 003 |
BD-DhAAL |
| 005 |
20160505100409.0 |
| 008 |
160505s 1993us a|||| |||| 00| 0 eng d |
| 020 |
|
|
|a 1561342521
|
| 040 |
|
|
|a BD-DhAAL
|c BD-DhAAL
|
| 082 |
|
|
|a 324.973
|
| 100 |
|
|
|a Crotty, William J
|9 19403
|
| 245 |
|
|
|a America's choice :
|b the election of 1992 /
|c William J Crotty
|
| 260 |
|
|
|a Guilford, Conn. :
|b Dushkin Pub. Group,
|c 1993.
|
| 300 |
|
|
|a viii, 200 pages :
|b illustrations ;
|c 28 cm
|
| 541 |
|
|
|e 3363
|
| 650 |
|
|
|a Presidents
|x Election
|y 1992.
|z United States
|9 19404
|
| 852 |
|
|
|a Savar Campus Library:
|c General Shelf
|
| 942 |
|
|
|2 ddc
|c BK
|
| 999 |
|
|
|c 37521
|d 37521
|
| 952 |
|
|
|0 0
|1 0
|2 ddc
|4 0
|6 324_973000000000000_CRO
|7 0
|9 58925
|a SCL
|b SCL
|c GEN
|d 2016-05-05
|e Gift: The Asia Foundation
|l 0
|o 324.973 CRO
|p 3020003363
|r 2016-05-05
|t 1
|w 2016-05-05
|y BK
|